Le Logge Vaticane / /
Descripción Física:
5 làmines : il. col. ; 36 cm
Materias:
Rafael, -- 1483-1520
; Rafael, -- 1483-1520 -- Llibres de làmines
; Bíblia -- Il·lustracions
; Pintura mural del Renaixement -- Vaticà
; Fons Joan Junyer i Pascual (1909-1994)
Idioma:
Italian
MARC
| LEADER | 00000nam a22000007a 4500 | ||
|---|---|---|---|
| 001 | 24871 | ||
| 003 | AGDB | ||
| 005 | 20260324181537.0 | ||
| 008 | 251021b it ||||| |||| 00| 0 ita d | ||
| 041 | |a ita | ||
| 100 | |a Rafael, |d 1483-1520 |9 72563 | ||
| 245 | |a Le Logge Vaticane |b / |c Raffaello | ||
| 260 | |a Milano : |b Valentino Bompiani , |c 1946 | ||
| 300 | |a 5 làmines : |b il. col. ; |c 36 cm | ||
| 500 | |a Prové del fons Joan Junyer i Pascual (1909-1994) | ||
| 500 | |a Serie di tavole a colori della rivista "Civiltà" | ||
| 500 | |a Portada retallada | ||
| 600 | 0 | |a Rafael, |d 1483-1520 |9 72563 | |
| 600 | 0 | |a Rafael, |d 1483-1520 |2 LEMAC |9 72563 |v Llibres de làmines | |
| 630 | 0 | |a Bíblia |9 72564 |v Il·lustracions | |
| 650 | 0 | |a Pintura mural del Renaixement |z Vaticà |2 CANTIC |9 72565 | |
| 650 | 0 | |a Fons Joan Junyer i Pascual (1909-1994) |9 72777 | |
| 942 | |2 udc |c ARXIU |n 1 | ||
| 952 | |0 0 |1 0 |4 0 |6 F504100 |7 1 |9 98512 |a Arxiu |b Arxiu |d 2025-10-21 |l 0 |o F-504-100 |p 24871 |r 2025-10-21 10:06:14 |w 2025-10-21 |y ARXIU | ||
| 999 | |c 130265 |d 130265 | ||